Effect of plant growth regulator-flora on the growth and yield of transplanted Aman rice / (Record no. 14333)

MARC details
000 -LEADER
fixed length control field 01024nam a22002777a 4500
001 - CONTROL NUMBER
control field BD-DhSAU 9032
003 - CONTROL NUMBER IDENTIFIER
control field BD-DhSAU
005 - DATE AND TIME OF LATEST TRANSACTION
control field 20190108101100.0
008 - FIXED-LENGTH DATA ELEMENTS--GENERAL INFORMATION
fixed length control field 150612b2016 bg a||||r|||| 000 0 eng d
040 ## - CATALOGING SOURCE
Original cataloging agency BD-DhSAU
082 ## - DEWEY DECIMAL CLASSIFICATION NUMBER
Edition number 22
Classification number 631.4
Item number H7949
100 ## - MAIN ENTRY--PERSONAL NAME
Personal name Hossain , Nahid
Relator code Registration No: 09-03506
245 ## - TITLE STATEMENT
Title Effect of plant growth regulator-flora on the growth and yield of transplanted Aman rice /
Statement of responsibility, etc. Hossain , Nahid
Remainder of title Ms Thesis
260 ## - PUBLICATION, DISTRIBUTION, ETC. (IMPRINT)
Place of publication, distribution, etc. Sher-e- Bangla Agricultural University :
Name of publisher, distributor, etc. Department of soil science,
Date of publication, distribution, etc. 2016.
300 ## - PHYSICAL DESCRIPTION
Extent vi , 54 p. :
Other physical details ill. ,
Dimensions 30 cm.
504 ## - BIBLIOGRAPHY, ETC. NOTE
Bibliography, etc Includes bibliographical references.
590 ## - Name of Cataloguer
Name of Cataloger Shofi
650 ## - SUBJECT ADDED ENTRY--TOPICAL TERM
Topical term or geographic name as entry element soil science
650 ## - SUBJECT ADDED ENTRY--TOPICAL TERM
Topical term or geographic name as entry element Plant growth
650 ## - SUBJECT ADDED ENTRY--TOPICAL TERM
Topical term or geographic name as entry element Regulator-flora
650 ## - SUBJECT ADDED ENTRY--TOPICAL TERM
Topical term or geographic name as entry element Transplanted Aman rice
700 ## - ADDED ENTRY--PERSONAL NAME
Personal name Paul , Alok Kumar
Relator term Supervisor
700 ## - ADDED ENTRY--PERSONAL NAME
Personal name Hossain , Mohammad Mosharraf
Relator term Co-Supervisor
856 ## - ELECTRONIC LOCATION AND ACCESS
Uniform Resource Identifier <a href="http://archive.saulibrary.edu.bd:8080/xmlui/handle/123456789/1320">http://archive.saulibrary.edu.bd:8080/xmlui/handle/123456789/1320</a>
Link text Online Access
942 ## - ADDED ENTRY ELEMENTS (KOHA)
Source of classification or shelving scheme Dewey Decimal Classification
Koha item type MS Level Thesis
Holdings
Withdrawn status Lost status Source of classification or shelving scheme Damaged status Not for loan Collection code Home library Branch Name Date acquired Total Checkouts Full call number Barcode Date last seen Price effective from Koha item type
    Dewey Decimal Classification   Not For Loan Reference SAU Library SAU Library 08/08/2018   631.4 H7949 40853 17/09/2018 17/09/2018 MS Level Thesis